| 000 | 00610nam a22002057a 4500 | ||
|---|---|---|---|
| 003 | DO-SdBNP | ||
| 005 | 20180327144115.0 | ||
| 008 | 151202b 2002 dr xxu||||| |||| 00| 0 spa d | ||
| 020 | _a9993457019 | ||
| 040 |
_aBPMSU _bspa _cBPMSU |
||
| 092 |
_axxxx _bxxxx |
||
| 100 | 1 | _aPuello, Angel | |
| 245 | 1 | 0 |
_aPor el amor de una diva / _cAngel Puello. |
| 260 |
_aSanto Domingo : _bWorld Graphics, _c2002. |
||
| 300 |
_a212 p. ; _c20 cm. |
||
| 500 | _aIncluye datos biográficos del autor en las solapas. | ||
| 942 |
_2ddc _cBK |
||
| 945 | _aRemanejado para la BNPHU / 2017 VM | ||
| 956 |
_aLorenza Pérez _b10 |
||
| 999 |
_c8990 _d8990 |
||